FC 24 Nike Mad Ready - Statistics

General Stats
  • This quiz has been taken 47 times
  • The average score is 5 of 5
Answer Stats
dusty promo rat pos club no ronaldo % Correct
Nike Mad Ready 89 CB Liverpool Virgil van Dijk
100%
Nike Mad Ready 83 CM Chelsea Enzo Fernández
93%
Nike Mad Ready 84 LM Juventus Federico Chiesa
91%
Nike Mad Ready 90 ST Chelsea Women Sam Kerr
91%
Nike Mad Ready 91 CM FC Barcelona Femení Alexia Putellas
87%
No matching quizzes found
Score Distribution
Percent of People with Each Score
Percentile by Number Answered
Your Score History
You have not taken this quiz